000 06539nam a2200361 a 4500
003 CHAP
005 20240611182328.0
007 ta
008 230920s2021 mx adbofom||| 001 0 spa d
040 _erda
041 _aspa
_beng
100 1 _9187990
_aEspejo Silva, Eimy Noemi
240 1 0 _aProposal for improvement to optimize agricultural loans for Avanpiña S. A. de C.V. SOFOM ENR.
_lEspañol
245 1 0 _aPropuesta de mejora para optimizar créditos agrícolas para Avanpiña S.A.de C.V. SOFOM ENR /
_bEimy Noemi Espejo Silva
264 _aChapingo, México :
_bEl autor,
_c2021
300 _a1 recurso en línea (xii, 134 páginas) :
_bilustraciones, tablas, gráficas, mapas, fotos
336 _2rdacontent
_atexto
_btxt
337 _2rdamedia
_acomputadora
_bc
338 _2rdacarrier
_arecurso en línea
_bcr
502 _aTesis
_bIA
_cAgroindustrias
_d2021
_gLIC
504 _aBibliografía: páginas 132-134
520 3 _aEl presente trabajo se realizó con la finalidad de poder optimizar el proceso que se lleva a cabo para otorgar recursos, que reciben los productores del cultivo de piña en la Ciudad de Isla y sus alrededores en forma de créditos por parte de la financiera AVANPIÑA S.A. DE C.V. SOFOM ENR. Estos productores son de gran importancia, ya que gracias a ellos México ha logrado posicionarse dentro de los 10 principales productores de piña a nivel mundial, puesto que tienen una participación del 64.9 por ciento del volumen nacional. Antecedentes AVANPIÑA es una Sociedad Financiera de Objeto Múltiple, Entidad No Regulada (SOFOM ENR) se creó el 7 de mayo de 2009, Avanpiña, se ha consolidado como una empresa con un atractivo esquema de negocios que le permite a los productores adquirir créditos para elevar, mantener o comenzar con sus proyectos que van desde la producción de piña hasta la compra de equipo tecnológico. Esto ha permitido el desarrollo eficiente de una economía fuerte en la región. No obstante, durante años se ha mantenido con casi el mismo número de acreditados, cada vez les toma más tiempo acomodar el financiamiento que va dirigido para este proyecto. Metodología 1. Búsqueda exhaustiva de información relacionada con el cultivo de piña y el sector financiero, considerando en primer lugar todos los factores externos e internos de la empresa. 2. Elaboración de las matrices de evaluación de los factores internos y externos, de perfil competitivo, la matriz FODA, y Matriz De La Posición Estratégica Y La Evaluación De La Acción. 3. Análisis de la metodología que la empresa utiliza para que un productor adquiera un crédito, muestreo de la documentación requerida, para hacer más eficiente los procesos de auditoría que presenta la empresa. 4. Elaboración de un plan operativo con propuestas y estrategias que se adaptaran a las políticas de procedimiento de la empresa para así agilizar los trámites de crédito hacia los productores de manera eficaz y precisa. 5. Realización de actividades para el ordenamiento y distribución de la información que la empresa recopila para integrar los expedientes y eficientizar su manejo. Conclusión El análisis que se hizo en la empresa de Avanpiña sirvió para poder darle cumplimiento a los objetivos que se establecieron en el presente proyecto, los cuales algunos de ellos se lograron llevar a cabo y algunos más que se requiere de mayor tiempo y recursos se espera que se materialicen siguiendo el plan operativo propuesto, para de este modo impulsar a que esta empresa se posicione en un mejor lugar en el mercado.
520 3 _aThis work was carried out with the purpose of optimizing the process that is carried out to grant resources received by pineapple growers in the city of Isla and its surroundings in the form of credits from the financial company AVANPIÑA S.A. DE C.V. SOFOM ENR. These producers are of great importance, since thanks to them Mexico has managed to position itself among the 10 main pineapple producers worldwide, since they have a share of 64.9 percent of the national volume. Background AVANPIÑA is a Multiple Purpose Financial Company, Unregulated Entity (SOFOM ENR) was created on May 7, 2009, Avanpiña, has established itself as a company with an attractive business scheme that allows producers to acquire loans to raise, maintain or start their projects ranging from pineapple production to the purchase of technological equipment. This has allowed the efficient development of a strong economy in the region. However, for years it has remained with almost the same number of borrowers, each time it takes them more time to accommodate the financing that is directed for this project. Methodology 1. Exhaustive search of information related to the pineapple crop and the financial sector, considering first of all the external and internal factors of the company. 2. Elaboration of the evaluation matrices of internal and external factors, competitive profile, SWOT matrix, and Strategic Position and Action Evaluation Matrix. 3. Analysis of the methodology that the company uses for a producer to acquire a loan, sampling of the required documentation, to make the company's auditing processes more efficient. 4. Elaboration of an operational plan with proposals and strategies that will be adapted to the company's procedural policies in order to streamline the credit procedures for producers in an efficient and accurate manner. 5. Carrying out activities to organize and distribute the information that the company collects in order to integrate the files and make their management more efficient. Conclusion The analysis carried out in the Avanpiña company served to achieve the objectives established in this project, some of which were achieved and some others that require more time and resources are expected to materialize following the proposed operating plan, in order to help this company position itself in a better place in the market.
650 1 3 _929022
_aCrédito agrícola
_2atg
650 1 3 _9147481
_aFinanciación agrícola
_2atg
650 1 3 _9147582
_aAgricultural credit
_2atg
650 1 3 _9147479
_aAgricultural finance
_2atg
700 1 _9147918
_aPonce Hernández, Pedro
_edirector
700 1 _9147338
_aReyna Izaguirre, Diana América
_easesora
700 1 _9148600
_aMartínez Mosqueda, Francisco
_easesor
856 4 0 _uhttp://10.13.5.2/tesis/tl/1510675-4_Espejo_Silva_Eimy-Noemi.pdf
_yDESCARGAR PDF
942 _2Clasificación Universidad Autónoma Chapingo
_cTD
999 _c219169
_d219169